zpět

Detail výsledku týmu

Tankovna U Učíků, Vrchlabí

Datum a čas kvízu

27 Celkem bodů Celkový počet nahraných bodů na tomto kvízu bez doplňovacích otázek.
7. Pořadí na kvízu Konečné umístění týmu na tomto kvízu.

Zaznamenané odpovědi

# Otázka Odpověď Body Výsledky
1. V pondělí byl na hradě Špilber... D) je nafukovací 0
2. Minulý týden jsme se dozvěděli... pilot si zapomněl cestovní pas 0
3. Minulý týden byla odtajněna jm... Červený trpaslík, Kocour 0
4. Jedna evropská metropole pokra... Paříž 0
5. Jak se jmenuje 19letý český te... Jakub Menšík 1
6. Grónsko má v dánském parlament... Faerským ostrovům 1
7. Pokud byste chtěli okusit jedn... A 0
8. Že je Grónsko největším ostrov... B 0
9. Které tvrzení o Grónsku je pra... D 1
10. Pod kterým písmenem je snímek... D 1